| 000 | 00452pab a2200181 454500 | ||
|---|---|---|---|
| 008 | 180718b2013 xxu||||| |||| 00| 0 eng d | ||
| 100 | _aKaushik, Nirmala | ||
| 245 | _aIndian biomass resources - An assessment from the grassroots | ||
| 260 | _c2013 | ||
| 300 | _ap.69-73. | ||
| 362 | _aDec | ||
| 650 | _aBiomass energy - India | ||
| 650 | _aBiomass energy | ||
| 700 | _aBiswas, Soumitra | ||
| 773 | _aYojana | ||
| 908 | _aN | ||
| 909 | _a102903 | ||
| 999 |
_c102901 _d102901 |
||